| 000 | 01886nam a22003497a 4500 | ||
|---|---|---|---|
| 001 | 4090 | ||
| 003 | FISKH | ||
| 005 | 20240606125435.0 | ||
| 008 | 030325s2003 nyu 000 1 eng | ||
| 010 | _a 2003047888 | ||
| 020 | _a0786868716 (alk. paper) | ||
| 040 |
_aDLC _cDLC _dDLC _beng |
||
| 050 | 0 | 0 |
_aPS3601.L335 _bF59 2003 |
| 082 | 0 | 0 |
_a813/.6 _221 |
| 100 | 1 |
_aAlbom, Mitch _d1958- |
|
| 245 | 1 | 4 |
_aThe five people you meet in heaven / _cMitch Albom. |
| 250 | _aFirst International Edition | ||
| 260 |
_aNew York : _bHyperion, _c2003 |
||
| 300 |
_a196 pages : _c20 cm. _b18 cm |
||
| 520 | _a"Eddie is a wounded war veteran, an old man who has lived, in his mind, an uninspired life. His job is fixing rides at a seaside amusement park. On his 83rd birthday, a tragic accident kills him, as he tries to save a little girl from a falling cart. He awakes in the afterlife, where he learns that heaven is not a destination. It's a place where your life is explained to you by five people, some of whom you knew, others who may have been strangers. One by one, from childhood to soldier to old age, Eddie's five people revisit their connections to him on earth, illuminating the mysteries of his "meaningless" life, and revealing the haunting secret behind the eternal question: "Why was I here?"." -- Library Thing | ||
| 650 | 0 |
_aAccident victims _vFiction. |
|
| 650 | 0 |
_aAmusement parks _vFiction. |
|
| 650 | 0 |
_aAmusement rides _vFiction. |
|
| 650 | 0 |
_aFuture life _vFiction. |
|
| 650 | 0 |
_aOlder men _vFiction. |
|
| 650 | 0 |
_aHeaven _vFiction. |
|
| 650 | 0 |
_aDeath _vFiction. |
|
| 655 | 7 |
_aPsychological fiction. _2lcsh |
|
| 906 |
_a7 _bcbc _corignew _d1 _eocip _f20 _gy-gencatlg |
||
| 942 |
_2ddc _cBK _n0 |
||
| 999 |
_c4090 _d4090 |
||